[Event "EU-chT Seniors 65"]
[Site "Swidnica"]
[Date "2023.07.15"]
[Round "4.7"]
[White "Stadnicki, Andrzej"]
[Black "Roos, Louis"]
[Result "0-1"]
[WhiteElo "1648"]
[BlackElo "2255"]
[PlyCount "88"]
[EventDate "2023.07.12"]
[EventType "team-swiss"]
[EventRounds "9"]
[EventCountry "POL"]
[SourceTitle "CBM 215 Extra"]
[Source "ChessBase"]
[SourceDate "2023.09.30"]
[SourceVersion "1"]
[SourceVersionDate "2023.09.30"]
[SourceQuality "1"]
[WhiteTeam "Lower Silesia 65 II"]
[BlackTeam "Strasbourg 65"]
[WhiteTeamCountry "POL"]
[BlackTeamCountry "FRA"]

1. d4 Nf6 2. Nf3 g6 3. c4 Bg7 4. Nc3 d5 5. cxd5 Nxd5 6. e4 Nxc3 7. bxc3 0-0 8. Rb1 b6 9. Be3 Bb7 10. Qc2 Nd7 11. Be2 e6 12. 0-0 Qe7 13. c4 f5 14. Bg5 Qf7 15. e5 h6 16. Bd2 c5 17. dxc5 Nxc5 18. Bb4 Be4 19. Qc3 Bxb1 20. Bxc5 bxc5 21. Rxb1 Rab8 22. Rb5 Qc7 23. Qe3 Rfc8 24. h4 a6 25. Rb3 Rxb3 26. axb3 Qa5 27. Kh2 Rd8 28. Kh3 Bf8 29. g3 Qa1 30. Kg2 Qb1 31. h5 gxh5 32. Ng5 Rb8 33. Bxh5 hxg5 34. Qxg5+ Bg7 35. f4 Qe4+ 36. Kh2 Qc2+ 37. Kh3 Qb1 38. Kh2 Rxb3 39. Qd8+ Kh7 40. Bg6+ Kxg6 41. Qe8+ Kh6 42. Qxe6+ Kh7 43. Qc6 Rb2+ 44. Kh3 Qd1 0-1